Manuale di agraria : ad uso delle scuole normali maschili e femminili e delle scuole tecniche con indirizzo agrario. Parte II. Coltivazioni erbacee ed arboree, per la 2. classe

Salvato in:
Dettagli Bibliografici
Autore principale: Calamani, Eugenio
Altri autori: Munerati, Ottavio
Natura: Libro
Lingua:italiano
Pubblicazione: Milano [etc.] : Societa Editrice Dante Alighieri, 1920
Edizione:14. edizione
Catalogo:EDISCO:  Risultati della ricerca del catalogo della biblioteca
Libro di testo Classificazione:
Soggetti:
Tags: Aggiungi Tag
Nessun Tag, puoi essere il primo ad aggiungerne!!
Aggiunto a:2016-04-30
Cambiato in:2019-02-06

MARC

LEADER 00000aam a22000005 4500
001 09540
003 OSt
005 20190206094603.0
008 160501s1920 it 000 0 ita
999 |c 9529  |d 9529 
040 |c Elena Facco - Padova - CUBI 
041 1 |a ita 
100 1 |a Calamani, Eugenio  |9 1298 
245 0 0 |a Manuale di agraria :   |b ad uso delle scuole normali maschili e femminili e delle scuole tecniche con indirizzo agrario. Parte II. Coltivazioni erbacee ed arboree, per la 2. classe /   |c E. Calamani, O. Munerati 
250 |a 14. edizione 
260 |a Milano [etc.] :  |b Societa Editrice Dante Alighieri,  |c 1920 
300 |a 316 p. : ill. 2/3 ;   |c 21 cm 
500 |a Parte II. Coltivazioni erbacee ed arboree, per la 2. classe  
510 3 |a L. 3.50 
546 |a ita 
650 |a Agronomia e istruzione agraria  |9 397 
655 |a Manuale  |9 29 
690 |a Secondaria superiore  |x Scuola Normale  | Istituto tecnico -sezione agronomia (ante 1923)  |9 1299 
700 |a Munerati, Ottavio  |9 864 
901 |a 5 
942 |2 ddc  |c BK 
999 |c edisco:9529  |d 9529